Las once mil vergas o los amores de un hospodar

Сохранить в:
Библиографические подробности
Главный автор: Apollinaire
Формат:
Язык:Undetermined
Опубликовано: Madrid, España Valdemar 2004
Предметы:
Метки: Добавить метку
Нет меток, Требуется 1-ая метка записи!

MARC

LEADER 00000nam a2200000Ia 4500
008 170316s9999 xx 000 0 und d
040 |a cru BVZT 
090 |a 840 A-5.1o 
100 |a Apollinaire 
245 |a Las once mil vergas o los amores de un hospodar 
260 |a Madrid, España 
260 |b Valdemar 
260 |c 2004 
300 |a 174 páginas 
650 |a LITERATURA FRANCESA 
650 |a NOVELA PORNOGRAFICA 
650 |a NOVELA ERÓTICA 
999 |c 7478  |d 7478 
942 |c 15 D  |h 840 A-5.1o  |2 z